Gobierno que cumple : agua para los jaliscienses /
保存先:
| 共著者: | , |
|---|---|
| その他の著者: | , |
| フォーマット: | 図書 |
| 言語: | スペイン語 |
| 主題: | |
| タグ: |
タグなし, このレコードへの初めてのタグを付けませんか!
|
MARC
| LEADER | 00000nam^a2200000^a^4500 | ||
|---|---|---|---|
| 001 | 000194305 | ||
| 005 | 20250521000000.0 | ||
| 009 | 20260310102711.595 | ||
| 025 | |a Donación Gobierno de Jalisco, 1 ejemplar | ||
| 037 | |a Acervo ITESO - Biblioteca | ||
| 041 | |a ESP | ||
| 082 | |a 320. 972 INF JAL 2001-2007 V. 8 | ||
| 110 | |a Jalisco. |b Gobernador. 2001-2006 (Ramírez Acuña) | ||
| 240 | 1 | 1 | |a [Gobierno que cumple] |
| 245 | 1 | 0 | |a Gobierno que cumple : |b agua para los jaliscienses / |c E. Dau Flores. |
| 264 | |a Guadalajara, México : |b Gobierno del Estado de Jalisco, |c 2006 | ||
| 300 | |a 135 p. | ||
| 336 | |a texto |b txt |2 rdacontenido | ||
| 337 | |a sin mediación |b n |2 rdamedio | ||
| 338 | |a volumen |b nc |2 rdasoporte | ||
| 649 | |a XX | ||
| 650 | |a Informe de Gobierno - |z Jalisco | ||
| 650 | |a Informe de Gobierno - |z México | ||
| 650 | |a Agua - |x Abastecimiento - |z Jalisco | ||
| 650 | |a Agua - |x Abastecimiento - |z México | ||
| 650 | |a Sistema de Agua Potable - |z Jalisco | ||
| 650 | |a Sistema de Agua Potable - |z México | ||
| 650 | |a Agua - |x Administración - |z Jalisco - |x Historia - |y 2000-2006 - |x Tema Principal | ||
| 650 | |a Agua - |x Administración - |z México - |x Historia - |y 2000-2006 | ||
| 650 | |a Recursos Naturales - |z Jalisco - |x Historia - |y 2000-2006 | ||
| 650 | |a Recursos Naturales - |z México - |x Historia - |y 2000-2006 | ||
| 650 | |a Políticas Públicas - |z Jalisco - |x Historia - |y 2000-2006 | ||
| 650 | |a Políticas Públicas - |z México - |x Historia - |y 2000-2006 | ||
| 650 | |a Administración Pública - |z Jalisco - |x Historia - |y 2000-2006 | ||
| 650 | |a Administración Pública - |z México - |x Historia - |y 2000-2006 | ||
| 650 | |a Política - |z Jalisco - |x Historia - |y 2000-2006 | ||
| 650 | |a Política - |z México - |x Historia - |y 2000-2006 | ||
| 710 | |a Jalisco. |b Comisión Estatal de Agua y Saneamiento. 2001-2007 (Dau Flores) | ||
| 700 | |a Dau Flores, Enrique |e (autor) | ||
| 700 | |a Ramírez Acuña, Francisco Javier |e (presentación) | ||
| 910 | |a Fondo General | ||
| 920 | |a Impresos - Libros | ||
| 930 | |a Colección General | ||
| 905 | |a 101 | ||
| 901 | |a 0500139176 |b IT1 |c ACC |i D |u 20250521 | ||
| 902 | |a https://opac.biblio.iteso.mx/vufind/Record/000194305 | ||